Players Who Have Played For Both Sides In A Premier League Manchester Derby - Statistics

General Stats
  • This quiz has been taken 372 times
  • The average score is 2 of 5
Answer Stats
Answer % Correct
Tevez
91%
Schmeichel
62%
Hargreaves
33%
Cole
29%
Kanchelskis
17%
No matching quizzes found
Score Distribution
Percent of People with Each Score
Percentile by Number Answered
Your Score History
You have not taken this quiz